The Student Pilot's Flight Manual / Including Emergency Flying by Reference to Instruments: From First Flight to the Private Certificate (Record no. 5403)
[ view plain ]
| 000 -LEADER | |
|---|---|
| fixed length control field | 01353cam a22001934a 4500 |
| 005 - ΗΜΕΡΟΜΗΝΙΑ ΚΑΙ ΩΡΑ ΤΕΛΕΥΤΑΙΑΣ ΕΝΗΜΕΡΩΣΗΣ | |
| Πεδίο ελέγχου | 20250605164211.0 |
| 008 - FIXED-LENGTH DATA ELEMENTS--GENERAL INFORMATION | |
| Πεδίο ελέγχου σταθερού μήκους | 250528s ||||||||||||||||||||||||d |
| 035 ## - SYSTEM CONTROL NUMBER | |
| System control number | 20279 |
| 020 ## - ISBN | |
| ISBN | 813816106 |
| 040 ## - ΠΗΓΗ ΚΑΤΑΛΟΓΟΓΡΑΦΗΣΗΣ | |
| Φορέας πρωτότυπης καταλογογράφησης | MC Athens Campus Library |
| Γλώσσα καταλογογράφησης | Ελληνικά, Μοντέρνα (1453-) |
| Modifying agency | MC Athens Campus Library |
| Κανόνες περιγραφικής καταλογογράφησης | AACR2 |
| 245 1# - ΤΙΤΛΟΣ ΚΑΙ ΔΗΛΩΣΗ ΥΠΕΥΘΥΝΟΤΗΤΑΣ | |
| Τίτλος | The Student Pilot's Flight Manual / Including Emergency Flying by Reference to Instruments: From First Flight to the Private Certificate |
| 260 ## - PUBLICATION, DISTRIBUTION, ETC. | |
| Name of publisher, distributor, etc. | Iowa State University Press, |
| Date of publication, distribution, etc. | 1968 |
| 300 ## - PHYSICAL DESCRIPTION | |
| Extent | 200 |
| 520 ## - SUMMARY, ETC. | |
| Summary, etc. | Before the Flight, The Big Three, The Airplane and How It Flies, Cockpit - Instruments and Systems, Preflight Check, Starting the Airplane, Taxiing, Pretake - Off or Cockpit Check, Pre-Solo, Effects of Controls, The Four Fundamentals, Elementary Precision Maneuvers, Elementary Forced Landings, Stalls, Take-Offs and Landings, Post-Solo Maneuvers, Advanced Stalls, Emergency Flying by Reference to Instruments, Post-Solo Precision Maneuvers, Special Take-Off and Landing Procedures, High Altitude Emergencies, The Cross-Country, The Navigation Idea, The Chart and the Airman's Information Manual, Using the Radio, Weather Information, The Cross-Country - Knowing Your Airplane, Navigation Planning, Flying the Cross-Country, The Flight Test, Appendix, Bibliography, Index. |
| 700 1# - ΠΡΟΣΘΕΤΗ ΑΝΑΓΡΑΦΗ--ΦΥΣΙΚΟ ΠΡΟΣΩΠΟ | |
| Personal name | Kershner William K |
| 9 (RLIN) | 6283 |
| 942 ## - ADDED ENTRY ELEMENTS (KOHA) | |
| Koha item type | Books |
| Τύπος τεκμηρίου | Βιβλιοθήκη | Τρέχουσα τοποθεσία | Barcode | Αριθμός εισαγωγής | Ημερομηνία απόκτησης | Ταξιθετικό σύμβολο | Αριθμός αντιτύπου | Κατάσταση απόσυρσης | Κατάσταση χαμένου | Κατάσταση κατεστραμμένου | Μη δανεισμός | Σύνολο δανεισμών | Ημερομηνία τελευταίας εμφάνισης | Η τιμή ισχύει από |
|---|---|---|---|---|---|---|---|---|---|---|---|---|---|---|
| Books | MC Athens Campus Library | MC Athens Campus Library | 9780000054029 | 6601 | 05/06/2025 | 629.13252 KER | 1 | 05/06/2025 | 05/06/2025 |